Proč se říká... ? : vzít nohy na ramena, mít za ušima, viset na vlásku : ...lidské tělo v úslovích /
Knížka vysvětluje běžně užívaná česká úsloví a rčení, která mají svůj původ v lidském těle.
Uloženo v:
| Hlavní autor: | |
|---|---|
| Další autoři: | |
| Médium: | E-kniha |
| Jazyk: | Czech |
| Vydáno: |
V Praze :
Fragment,
2022
|
| Vydání: | 1. vydání |
| Témata: | |
| Tagy: |
Žádné tagy |
| LEADER | 02460nam a2200565 i 4500 | ||
|---|---|---|---|
| 001 | 311632 | ||
| 003 | CZ PrSKC | ||
| 005 | 20260601215709.0 | ||
| 007 | ta | ||
| 008 | 220901s2022 xr a c f 000 0 cze | ||
| 015 | |a cnb003445394 | ||
| 020 | |a 9788025359273 |q (vázáno) : |c Kč 299,00 | ||
| 035 | |a (OCoLC)1350560426 | ||
| 040 | |a BOA001 |b cze |e rda | ||
| 072 | 7 | |a 81 |x Lingvistika. Jazyky |2 Konspekt | |
| 072 | 7 | |a 0/9-053.2 |x Literatura pro děti a mládež (naučná) |2 Konspekt | |
| 080 | |a 81'373.7 |2 MRF | ||
| 080 | |a 82-84 |2 MRF | ||
| 080 | |a 611/612 |2 MRF | ||
| 080 | |a (0.062) |2 MRF | ||
| 080 | |a (0.053.2) |2 MRF | ||
| 100 | 1 | |a Kostka, Petr, |d 1958- |7 osa2017962931 |4 aut | |
| 245 | 1 | 0 | |a Proč se říká... ? : |b vzít nohy na ramena, mít za ušima, viset na vlásku : ...lidské tělo v úslovích / |c Petr Kostka ; ilustroval Josef Pospíchal |
| 246 | 1 | |i Název v tiráži: |a Proč se říká... ? Vzít nohy na ramena... lidské tělo v úslovích | |
| 250 | |a 1. vydání | ||
| 264 | 1 | |a V Praze : |b Fragment, |c 2022 | |
| 300 | |a 63 stran : |b barevné ilustrace ; |c 24 cm | ||
| 336 | |a text |b txt |2 rdacontent | ||
| 336 | |a statický obraz |b sti |2 rdacontent | ||
| 337 | |a bez média |b n |2 rdamedia | ||
| 338 | |a svazek |b nc |2 rdacarrier | ||
| 520 | 2 | |a Knížka vysvětluje běžně užívaná česká úsloví a rčení, která mají svůj původ v lidském těle. | |
| 521 | 8 | |a Pro čtenáře od 9 let | |
| 650 | 0 | 7 | |a frazeologie |7 ph120388 |2 czenas |
| 650 | 0 | 7 | |a přísloví a rčení |7 ph124944 |2 czenas |
| 650 | 0 | 7 | |a lidské tělo |7 ph122345 |2 czenas |
| 650 | 0 | 9 | |a phraseology |2 eczenas |
| 650 | 0 | 9 | |a proverbs |2 eczenas |
| 650 | 0 | 9 | |a human body |2 eczenas |
| 655 | 7 | |a populárně-naučné publikace |7 fd131864 |2 czenas | |
| 655 | 7 | |a publikace pro děti |7 fd133156 |2 czenas | |
| 655 | 9 | |a popular works |2 eczenas | |
| 655 | 9 | |a children's literature |2 eczenas | |
| 700 | 1 | |a Pospíchal, Josef, |d 1963- |7 mzk2005294839 |4 ill | |
| 900 | |a ABA001 |b 19 | ||
| 928 | 9 | |a Albatros Media - Fragment | |
| 044 | |a xr | ||
| 910 | |a RBIT002 | ||
| 998 | |d 358259 |a https://core.palmknihy.cz/api/books/358259/cover?si673z |b https://core.palmknihy.cz/api/books/358259/cover/400?si673z |c https://core.palmknihy.cz/api/books/358259/cover/50?si673z |e 2031-12-31 |g 64 |i 9788025359273 |j https://core.palmknihy.cz/api/books/358259/preview.epub |k https://core.palmknihy.cz/api/books/358259/preview.pdf |l |q 49 |r 1 |s https://www.palmknihy.cz/kniha/358259 |t ebook |y 2022 |z 0 | ||
| 999 | |d 311630 | ||